The New Haven Mathematical Colloquium : lectures delivered before members of the American Mathematical Society in connection with the summer meeting held September 5th to 8th, 1906.
Guardado en:
| Autor Corporativo: | |
|---|---|
| Otros Autores: | |
| Formato: | Libro |
| Idioma: | English |
| Publicado: |
New Haven :
Yale University Press,
1910.
|
| Series: | [Its Colloquium publications,
v. 2] [from old catalog] |
| Materias: | |
| Etiquetas: |
Agregar Etiqueta
Sin Etiquetas, Sea el primero en etiquetar este registro!
|
| LEADER | 00847cam a2200205ua 4500 | ||
|---|---|---|---|
| 001 | MAT.inmabb006099 | ||
| 008 | 821207s1910####ctu###########000#0#eng## | ||
| 005 | 20170622175258.0 | ||
| 245 | 1 | 4 | |a The New Haven Mathematical Colloquium : |b lectures delivered before members of the American Mathematical Society in connection with the summer meeting held September 5th to 8th, 1906. |
| 260 | |a New Haven : |b Yale University Press, |c 1910. | ||
| 300 | |a x, 222 p. ; |c 26 cm. | ||
| 110 | 2 | |a American Mathematical Society. | |
| 700 | 1 | |a Moore, Ellakim Hastings, |d 1862-1932. | |
| 830 | 0 | |a [Its Colloquium publications, |v v. 2] [from old catalog] | |
| 650 | 0 | |a Functions. | |
| 650 | 0 | |a Projective differential geometry. | |
| 650 | 0 | |a Boundary value problems. | |
| 010 | |a 10010798 | ||
| 040 | |a DLC |c CarP |d DLC | ||
| 859 | |h 00B20 |i Am512 |p A-5401 |v 2 |3 Vol. II |b BIB. MATEMATICA | ||
